| 000 | 00398cam a2200157ua 4500 | ||
|---|---|---|---|
| 041 |
_amal _h |
||
| 082 |
_a894.812301 _bCHI/AH |
||
| 100 | _aChidambaram pillai, S . | ||
| 245 |
_aAhimsa / _cS Chidambaram pillai. _hTextual Documents |
||
| 250 |
_a2 / _b. |
||
| 260 |
_aKottayam : _bVidyarthi Mithram Book Depo , _c1956. |
||
| 300 | _a78 ; . | ||
| 504 | _a | ||
| 942 | _cBK | ||
| 999 |
_c11527 _d11527 |
||